[Event "GRENKE Chess Open 2024"]
[Site "Karlsruhe"]
[Date "2024.03.30"]
[Round "4.9"]
[White "Nothnagel, Marian Can"]
[Black "Muradli, Mahammad"]
[Result "0-1"]
[WhiteElo "2381"]
[BlackElo "2555"]
[Annotator "RC"]
[PlyCount "152"]
[EventDate "2024.03.28"]
[EventType "swiss"]
[EventCountry "GER"]
[SourceTitle "playchess.com"]
[Source "ChessBase"]
[SourceQuality "1"]

1. e4 c5 2. Nf3 d6 3. Bb5+ Nd7 4. Ba4 a6 5. c4 Ngf6 6. Nc3 g6 7. O-O Bg7 8. d3 O-O 9. h3 Ne8 10. Be3 e5 11. a3 Nc7 12. b4 Ne6 13. Nd5 Rb8 14. Rb1 b5 15. Bb3 Bb7 16. Qd2 Kh8 17. Rfc1 f5 18. Ng5 Bxd5 19. cxd5 Nxg5 20. Bxg5 Bf6 21. Bxf6+ Qxf6 22. f3 fxe4 23. fxe4 Qh4 24. Bd1 Qe7 25. Bg4 Nf6 26. Bf3 Rbc8 27. Qe3 Kg7 28. Kh2 h5 29. a4 cxb4 30. axb5 Rxc1 31. Qxc1 a5 32. Ra1 Qa7 33. Qc6 Nd7 34. Qxd6 Rf6 35. Qe7+ Rf7 36. Qg5 Qb6 37. d4 Qd6 38. Rxa5 exd4+ 39. Kh1 b3 40. Qd2 Qc5 41. Ra4 Kh7 42. Rxd4 Ne5 43. d6 Qxb5 44. Be2 b2 45. Bxb5 b1=Q+ 46. Kh2 Qxb5 47. Rd5 Qe8 48. Qd4 Nd7 49. Ra5 Qe6 50. Kg1 Kg8 51. Ra8+ Rf8 52. Ra7 Rd8 53. Rc7 Nf6 54. e5 Nd7 55. Qe4 Kh8 56. Qf4 Rf8 57. Qh6+ Kg8 58. Rxd7 Qxd7 59. Qxg6+ Qg7 60. Qxh5 Qg3 61. d7 Qe3+ 62. Kh2 Qf4+ 63. Kh1 Qf1+ 64. Kh2 Qf4+ 65. Kh1 Kg7 66. e6 Kf6 67. Qh7 Kxe6 68. d8=Q Rxd8 69. Qg6+ Qf6 70. Qe4+ Kf7 71. Qc4+ Kg7 72. Qg4+ Kh6 73. Qe2 Rd4 74. Qe3+ Kh7 75. Qe2 Kg7 76. Kg1 Ra4 0-1

[Event "GRENKE Chess Open 2024"]
[Site "Karlsruhe"]
[Date "2024.03.30"]
[Round "4.10"]
[White "Hong, Andrew"]
[Black "Song, Julien"]
[Result "1-0"]
[WhiteElo "2542"]
[BlackElo "2311"]
[Annotator "TA"]
[PlyCount "85"]
[EventDate "2024.03.28"]
[EventType "swiss"]
[EventCountry "GER"]
[SourceTitle "playchess.com"]
[Source "ChessBase"]
[SourceQuality "1"]

1. e4 e6 2. d4 d5 3. Nc3 Nf6 4. e5 Nfd7 5. f4 c5 6. Nf3 Nc6 7. Be3 a6 8. Qd2 b5 9. h4 Bb7 10. h5 b4 11. Ne2 Qb6 12. g4 f6 13. Bf2 fxe5 14. dxe5 Be7 15. Bg2 O-O 16. O-O Rad8 17. Ng3 Qc7 18. Rae1 Nb6 19. f5 Nc4 20. Qe2 Bc8 21. b3 Na3 22. Bh3 Nb5 23. h6 Nc3 24. Qe3 d4 25. Qd2 exf5 26. gxf5 g6 27. e6 Nd5 28. Re4 Ne3 29. Rxe3 dxe3 30. Qxe3 Nd4 31. Nxd4 cxd4 32. Qd3 Qc3 33. fxg6 Qxd3 34. cxd3 hxg6 35. Rc1 Bd6 36. Ne4 Bf4 37. Rxc8 Rxc8 38. e7 Rc1+ 39. Kg2 Re8 40. Be6+ Kh7 41. Nf6+ Kxh6 42. Nxe8 Bg5 43. Nf6 1-0

[Event "GRENKE Chess Open 2024"]
[Site "Karlsruhe"]
[Date "2024.03.30"]
[Round "4.11"]
[White "Skembris, Spyridon"]
[Black "Erdogmus, Yagiz Kaan"]
[Result "0-1"]
[WhiteElo "2304"]
[BlackElo "2540"]
[Annotator "TA"]
[PlyCount "122"]
[EventDate "2024.03.28"]
[EventType "swiss"]
[EventCountry "GER"]
[SourceTitle "playchess.com"]
[Source "ChessBase"]
[SourceQuality "1"]

1. d4 Nf6 2. c4 e6 3. Nf3 d5 4. Nc3 dxc4 5. e3 a6 6. a4 b6 7. Bxc4 Bb7 8. O-O Bb4 9. Bd2 O-O 10. Ne4 Nc6 11. Nxf6+ Qxf6 12. Bxb4 Nxb4 13. Ne5 c5 14. Qh5 g6 15. Ng4 Qg7 16. Qg5 Kh8 17. Rad1 f6 18. Qh4 Bd5 19. Bxd5 Nxd5 20. Rfe1 g5 21. Qh5 Rac8 22. g3 f5 23. Ne5 g4 24. h3 cxd4 25. exd4 Rc2 26. Nd3 Nf6 27. Qh4 Ne4 28. hxg4 Ng5 29. Re3 fxg4 30. Nf4 Rxf4 31. gxf4 Nf3+ 32. Rxf3 gxf3+ 33. Qg5 Rxb2 34. Re1 Qxd4 35. Qg3 Qf6 36. Rc1 Qg6 37. Qxg6 hxg6 38. Rc6 a5 39. Rxe6 Kg7 40. Kh2 Rxf2+ 41. Kg3 Re2 42. Rxb6 f2 43. Kg2 Re4 44. Kxf2 Rxf4+ 45. Kg3 Rxa4 46. Ra6 Kh6 47. Rc6 Kh5 48. Rc3 g5 49. Rd3 Rb4 50. Ra3 a4 51. Kg2 g4 52. Ra2 Kg5 53. Kf2 Kf4 54. Kg2 Ke3 55. Kg3 Kd3 56. Kh4 Kc3 57. Re2 a3 58. Re3+ Kb2 59. Re2+ Kb3 60. Re3+ Ka4 61. Re2 Rc4 0-1

[Event "GRENKE Chess Open 2024"]
[Site "Karlsruhe"]
[Date "2024.03.30"]
[Round "4.12"]
[White "Manish Anto Cristiano F"]
[Black "Horvath, Dominik"]
[Result "0-1"]
[WhiteElo "2286"]
[BlackElo "2534"]
[Annotator "RC"]
[PlyCount "146"]
[EventDate "2024.03.28"]
[EventType "swiss"]
[EventCountry "GER"]
[SourceTitle "playchess.com"]
[Source "ChessBase"]
[SourceQuality "1"]

1. e4 c5 2. Nf3 e6 3. d4 cxd4 4. Nxd4 Nc6 5. Nc3 Qc7 6. g3 Nf6 7. Bg2 Nxd4 8. Qxd4 Bc5 9. Bf4 d6 10. Qd2 e5 11. Bg5 Bb4 12. O-O Bxc3 13. bxc3 h6 14. Bxf6 gxf6 15. a4 a5 16. Rfb1 Ke7 17. Bf1 h5 18. h4 Bd7 19. Rb3 Rab8 20. Be2 Qc5 21. Bb5 Be6 22. c4 b6 23. Rd3 Rhg8 24. Kh2 Rg4 25. Re1 Rbg8 26. Rd1 Rd8 27. Re1 Rg6 28. Rd1 Bg4 29. Re1 Be6 30. Rd1 Rgg8 31. Rb1 Bc8 32. Rd5 Qc7 33. f4 Bb7 34. fxe5 dxe5 35. Rb3 Bxd5 36. cxd5 Qd6 37. Bd3 Rb8 38. Qe2 Qc5 39. Rb5 Qd4 40. Qf3 Rg6 41. Bf1 Rc8 42. c4 Qd2+ 43. Qe2 Qc3 44. Qd3 Rxc4 45. d6+ Kd8 46. Rxb6 Qc2+ 47. Be2 Qxd3 48. Bxd3 Rc3 49. Bb5 f5 50. exf5 Rf6 51. Kg2 e4 52. Ra6 Rc2+ 53. Kh3 e3 54. g4 Rc3 55. Ra8+ Rc8 56. Ra6 Rb8 57. Rc6 e2 58. Bxe2 Rb3+ 59. Kg2 Rb2 60. Kf1 hxg4 61. Bxg4 Rb4 62. Bh3 Rxh4 63. Kg2 Kd7 64. Rc3 Rxa4 65. Rc7+ Kxd6 66. Ra7 Ke5 67. Kg3 Rb6 68. Rxf7 Rb3+ 69. Kh2 Ra2+ 70. Bg2 Rbb2 71. Rg7 Rxg2+ 72. Rxg2 Rxg2+ 73. Kxg2 a4 0-1

[Event "GRENKE Chess Open 2024"]
[Site "Karlsruhe"]
[Date "2024.03.30"]
[Round "4.13"]
[White "Gavrilescu, David"]
[Black "Frank, Adam"]
[Result "1/2-1/2"]
[WhiteElo "2524"]
[BlackElo "2284"]
[Annotator "TA"]
[PlyCount "82"]
[EventDate "2024.03.28"]
[EventType "swiss"]
[EventCountry "GER"]
[SourceTitle "playchess.com"]
[Source "ChessBase"]
[SourceQuality "1"]

1. e4 c5 2. Nf3 d6 3. d4 cxd4 4. Nxd4 Nf6 5. Nc3 a6 6. Be3 Ng4 7. Bc1 Nf6 8. h3 e5 9. Nb3 h6 10. Be3 Nbd7 11. a4 b6 12. g4 Bb7 13. Bg2 Be7 14. h4 Rc8 15. Qe2 Rxc3 16. bxc3 Qa8 17. f3 d5 18. exd5 Nxd5 19. Bd2 O-O 20. g5 Nf4 21. Bxf4 exf4 22. O-O-O Re8 23. Qd2 Ne5 24. Qxf4 Qc8 25. Qd4 Nxf3 26. Bxf3 Bxf3 27. Rdg1 Ba3+ 28. Kb1 Bc5 29. Qf4 Bxh1 30. Rxh1 Be3 31. Qg3 h5 32. g6 Qg4 33. gxf7+ Kxf7 34. Qd6 Kg8 35. Re1 Qxh4 36. Qd5+ Kh8 37. Rh1 Qe4 38. Qxh5+ Bh6 39. Kb2 Rc8 40. Qh3 Rf8 41. Nd4 b5 1/2-1/2

[Event "GRENKE Chess Open 2024"]
[Site "Karlsruhe"]
[Date "2024.03.30"]
[Round "4.14"]
[White "Gajcin, Marina"]
[Black "Vogel, Roven"]
[Result "1/2-1/2"]
[WhiteElo "2241"]
[BlackElo "2521"]
[Annotator "RC"]
[PlyCount "113"]
[EventDate "2024.03.28"]
[EventType "swiss"]
[EventCountry "GER"]
[SourceTitle "playchess.com"]
[Source "ChessBase"]
[SourceQuality "1"]

1. e4 c5 2. Nf3 d6 3. Bb5+ Bd7 4. Bxd7+ Nxd7 5. O-O Ngf6 6. Qe2 e6 7. b3 Be7 8. Bb2 O-O 9. c4 a6 10. d4 cxd4 11. Nxd4 Qa5 12. Nc3 Qh5 13. Qxh5 Nxh5 14. g3 Nhf6 15. Rad1 Rfc8 16. Rfe1 g6 17. Re2 Ne8 18. f4 Nf8 19. a4 Bd8 20. Kf1 Ba5 21. Na2 Rd8 22. Nc2 Bc7 23. Nc3 Nd7 24. Red2 Nef6 25. Ba3 Nc5 26. Bxc5 dxc5 27. Rxd8+ Rxd8 28. Rxd8+ Bxd8 29. Ne3 Ba5 30. Ned1 Nd7 31. e5 Nb8 32. Ne4 b6 33. Ne3 Nc6 34. Nc2 h6 35. h4 h5 36. Ke2 Kf8 37. Kd3 Ke7 38. Ke2 Kd7 39. Nf6+ Kd8 40. Ne4 Ke7 41. Kd3 Nb8 42. Nd6 f6 43. Nb7 Nc6 44. Nxa5 Nxa5 45. b4 Nb7 46. b5 a5 47. Ne1 Nd8 48. Ke4 Nf7 49. Nd3 f5+ 50. Kf3 Nh6 51. Nf2 Ng4 52. Nxg4 hxg4+ 53. Ke3 Kf7 54. Kf2 Kg7 55. Kg2 Kh6 56. Kf2 Kh5 57. Kg2 1/2-1/2

[Event "GRENKE Chess Open 2024"]
[Site "Karlsruhe"]
[Date "2024.03.30"]
[Round "4.15"]
[White "Tiglon, Bryce"]
[Black "Mirimanian, Hayk"]
[Result "1-0"]
[WhiteElo "2509"]
[BlackElo "2283"]
[Annotator "RC"]
[PlyCount "65"]
[EventDate "2024.03.28"]
[EventType "swiss"]
[EventCountry "GER"]
[SourceTitle "playchess.com"]
[Source "ChessBase"]
[SourceQuality "1"]

1. e4 c5 2. Nf3 e6 3. d4 cxd4 4. Nxd4 Nf6 5. Nc3 Nc6 6. Nxc6 bxc6 7. e5 Nd5 8. Ne4 Qc7 9. f4 Qb6 10. a3 Ne3 11. Qd3 Nxf1 12. Rxf1 c5 13. c4 Bb7 14. Be3 Qc6 15. Nd6+ Bxd6 16. Qxd6 Qxd6 17. exd6 O-O 18. Bxc5 Rfc8 19. b4 a5 20. Kf2 f6 21. g3 Rc6 22. Ke3 axb4 23. axb4 Rca6 24. Rxa6 Rxa6 25. Kd4 Kf7 26. b5 Ra2 27. Bb4 h5 28. Kc5 Rc2 29. Kb6 Be4 30. c5 Rb2 31. c6 Bxc6 32. bxc6 Rxb4+ 33. Kc7 1-0

[Event "GRENKE Chess Open 2024"]
[Site "Karlsruhe"]
[Date "2024.03.30"]
[Round "4.16"]
[White "Reller, Ole"]
[Black "Costa, Leonardo"]
[Result "0-1"]
[WhiteElo "2077"]
[BlackElo "2479"]
[Annotator "TA"]
[PlyCount "84"]
[EventDate "2024.03.28"]
[EventType "swiss"]
[EventCountry "GER"]
[SourceTitle "playchess.com"]
[Source "ChessBase"]
[SourceQuality "1"]

1. Nf3 Nf6 2. g3 d5 3. Bg2 e6 4. c4 Be7 5. O-O O-O 6. b3 d4 7. Bb2 c5 8. Ne5 Bd6 9. Nd3 e5 10. b4 cxb4 11. c5 Bc7 12. Nxb4 a5 13. Nd3 Nc6 14. Na3 Bg4 15. Nb5 Re8 16. h3 Bf5 17. Ne1 a4 18. Nf3 Bb8 19. d3 Ra5 20. Na3 Nd5 21. Nd2 Qd7 22. h4 Bh3 23. Ne4 Bxg2 24. Kxg2 f5 25. Nd2 e4 26. Nac4 Rxc5 27. Ba3 Nc3 28. Qc2 Rb5 29. Rae1 Qd5 30. Kg1 e3 31. Nf3 f4 32. fxe3 fxe3 33. Kh2 Qh5 34. Bd6 Nb4 35. Bxb4 Rxb4 36. Rh1 Qg6 37. Rhg1 Rxc4 38. Qb2 Rcc8 39. Nxd4 Rf8 40. Nf3 Qg4 41. Ref1 b5 42. Rg2 b4 0-1

[Event "GRENKE Chess Open 2024"]
[Site "Karlsruhe"]
[Date "2024.03.30"]
[Round "4.18"]
[White "Braun, Vitali"]
[Black "Anton Guijarro, David"]
[Result "0-1"]
[WhiteElo "2344"]
[BlackElo "2671"]
[Annotator "TA"]
[PlyCount "52"]
[EventDate "2024.03.28"]
[EventType "swiss"]
[EventCountry "GER"]
[SourceTitle "playchess.com"]
[Source "ChessBase"]
[SourceQuality "1"]

1. d4 Nf6 2. c4 e6 3. Nc3 Bb4 4. Qc2 d6 5. Nf3 O-O 6. a3 Bxc3+ 7. Qxc3 b6 8. e3 Bb7 9. Be2 Ne4 10. Qc2 f5 11. b4 Rf6 12. Bb2 Rg6 13. Bf1 c5 14. O-O-O cxb4 15. axb4 Nc6 16. Ba3 b5 17. d5 exd5 18. Nd4 Nxd4 19. Rxd4 a5 20. f3 axb4 21. Bb2 dxc4 22. fxe4 Bxe4 23. Rxe4 fxe4 24. Bd4 d5 25. Qf2 c3 26. Qf5 Rga6 0-1

[Event "GRENKE Chess Open 2024"]
[Site "Karlsruhe"]
[Date "2024.03.30"]
[Round "4.19"]
[White "Bluebaum, Matthias"]
[Black "Lewtak, Damian"]
[Result "1/2-1/2"]
[WhiteElo "2655"]
[BlackElo "2343"]
[Annotator "TA"]
[PlyCount "151"]
[EventDate "2024.03.28"]
[EventType "swiss"]
[EventCountry "GER"]
[SourceTitle "playchess.com"]
[Source "ChessBase"]
[SourceQuality "1"]

1. d4 Nf6 2. c4 e6 3. Nc3 Bb4 4. e3 O-O 5. Bd3 d5 6. Nf3 c5 7. O-O dxc4 8. Bxc4 b6 9. a3 Bxc3 10. bxc3 Nbd7 11. Qe2 Bb7 12. Bd3 Bxf3 13. Qxf3 e5 14. Bb2 Re8 15. Qg3 Qe7 16. Rad1 a6 17. c4 Rab8 18. Bf5 g6 19. Bxd7 Nxd7 20. dxe5 Nxe5 21. Qf4 f6 22. Rd5 Rbd8 23. h4 Rxd5 24. cxd5 b5 25. Rd1 Qd6 26. h5 Kg7 27. Qe4 Re7 28. Qh4 g5 29. Qh3 Qd7 30. Qg3 Qg4 31. Qxg4 Nxg4 32. d6 Rd7 33. Rd5 Kh6 34. e4 Kxh5 35. f4 Ne3 36. Rxc5 Rxd6 37. fxg5 fxg5 38. Bc1 Ng4 39. Rxg5+ Kh4 40. Rd5 Rxd5 41. exd5 Nf6 42. d6 Kg4 43. Bd2 Kf5 44. Bb4 Ke6 45. Kf2 Nd5 46. Bc5 Nf4 47. Ba7 Nd3+ 48. Ke3 Ne5 49. Bc5 Kd5 50. Bb4 Nc4+ 51. Kf4 Nxd6 52. Kg5 Nc4 53. g4 a5 54. Bf8 Ne5 55. Kf5 Nd7 56. Bh6 b4 57. axb4 axb4 58. Bg7 b3 59. g5 Nf8 60. Bb2 Kd6 61. Kf6 Ne6 62. g6 hxg6 63. Kxg6 Kd5 64. Kf5 Nc5 65. Ba1 Nd3 66. Bg7 Nc5 67. Ba1 Kc4 68. Ke5 Kd3 69. Kd6 Na4 70. Kd5 Kc2 71. Kc4 Nb2+ 72. Kb4 Nd3+ 73. Kc4 Ne1 74. Bg7 Nf3 75. Bh8 Nd2+ 76. Kb4 1/2-1/2

[Event "GRENKE Chess Open 2024"]
[Site "Karlsruhe"]
[Date "2024.03.30"]
[Round "4.20"]
[White "Zeller, Frank"]
[Black "Meier, Georg"]
[Result "1/2-1/2"]
[WhiteElo "2340"]
[BlackElo "2620"]
[Annotator "TA"]
[PlyCount "78"]
[EventDate "2024.03.28"]
[EventType "swiss"]
[EventCountry "GER"]
[SourceTitle "playchess.com"]
[Source "ChessBase"]
[SourceQuality "1"]

1. e4 e6 2. d4 d5 3. Nc3 Nf6 4. Bg5 dxe4 5. Nxe4 Nbd7 6. Bd3 Be7 7. Qe2 Nxe4 8. Bxe7 Qxe7 9. Bxe4 Nf6 10. O-O-O O-O 11. Nf3 Rd8 12. Rhe1 Rb8 13. Ne5 Bd7 14. f4 Be8 15. Bf3 c5 16. dxc5 Qxc5 17. g3 b6 18. Rd2 Qa5 19. a3 Rxd2 20. Qxd2 Qxd2+ 21. Kxd2 Rd8+ 22. Ke3 Nd5+ 23. Kf2 f6 24. Nd3 Nc7 25. Re4 Bg6 26. Rc4 Ne8 27. Ke3 Bxd3 28. cxd3 Kf7 29. Bh5+ g6 30. Bg4 Ke7 31. h4 Nd6 32. Rc7+ Rd7 33. Rc6 Rd8 34. Rc7+ Rd7 35. Rc6 h5 36. Bh3 Rd8 37. Rc7+ Rd7 38. Rc6 Rd8 39. Rc7+ Rd7 1/2-1/2

[Event "GRENKE Chess Open 2024"]
[Site "Karlsruhe"]
[Date "2024.03.30"]
[Round "4.21"]
[White "Chigaev, Maksim"]
[Black "Gschiel, Alexander"]
[Result "1-0"]
[WhiteElo "2617"]
[BlackElo "2336"]
[Annotator "TA"]
[PlyCount "69"]
[EventDate "2024.03.28"]
[EventType "swiss"]
[EventCountry "GER"]
[SourceTitle "playchess.com"]
[Source "ChessBase"]
[SourceQuality "1"]

1. Nf3 Nf6 2. g3 e6 3. Bg2 d5 4. O-O Be7 5. d3 O-O 6. Nbd2 c5 7. e4 Nc6 8. Re1 b6 9. c3 Ba6 10. e5 Nd7 11. Nf1 Qc7 12. Bf4 b5 13. a3 Qb6 14. h4 b4 15. axb4 cxb4 16. d4 Bb5 17. h5 a5 18. h6 g6 19. Bg5 bxc3 20. bxc3 a4 21. Ne3 Qd8 22. Bxe7 Qxe7 23. Nd2 a3 24. c4 Ba4 25. Qc1 Nxd4 26. cxd5 Nxe5 27. Qc3 Qa7 28. Qxa3 Qa5 29. Nec4 Nxc4 30. Nxc4 Qd8 31. Qb2 Qf6 32. Re4 e5 33. Nxe5 Bc2 34. Rxa8 Rxa8 35. Re1 1-0

[Event "GRENKE Chess Open 2024"]
[Site "Karlsruhe"]
[Date "2024.03.30"]
[Round "4.22"]
[White "Meshkovs, Nikita"]
[Black "Kulon, Klaudia"]
[Result "1-0"]
[WhiteElo "2556"]
[BlackElo "2335"]
[Annotator "TA"]
[PlyCount "103"]
[EventDate "2024.03.28"]
[EventType "swiss"]
[EventCountry "GER"]
[SourceTitle "playchess.com"]
[Source "ChessBase"]
[SourceQuality "1"]

1. d4 Nf6 2. c4 e6 3. Nf3 c5 4. d5 b5 5. dxe6 fxe6 6. cxb5 d5 7. g4 c4 8. Nc3 Bb4 9. Qa4 Qd6 10. Bd2 Bc5 11. g5 Ne4 12. e3 Nxd2 13. Nxd2 O-O 14. Nxc4 dxc4 15. Bg2 Nd7 16. Bxa8 Nb6 17. Qd1 Qxd1+ 18. Rxd1 Nxa8 19. Rg1 Nb6 20. Rg4 Bb7 21. Rf4 Rc8 22. Ke2 e5 23. Rg4 Rf8 24. Ne4 Na4 25. Rh4 Nxb2 26. Rd7 Bxe4 27. Rxe4 Rc8 28. Rd2 c3 29. Rc2 Bd6 30. a4 Kf7 31. a5 Ke6 32. b6 Kd5 33. Rh4 axb6 34. axb6 e4 35. b7 Rc6 36. Rxh7 Na4 37. Rxg7 Rb6 38. Rd7 Nc5 39. Rd8 Nxb7 40. g6 Nxd8 41. g7 Be5 42. g8=Q+ Ne6 43. Qa8+ Rc6 44. h4 Nc7 45. Qg8+ Kc5 46. Qg5 Kd6 47. h5 Nd5 48. Qg6+ Nf6 49. h6 Rc7 50. Qf5 Rh7 51. Ra2 c2 52. Rxc2 1-0

[Event "GRENKE Chess Open 2024"]
[Site "Karlsruhe"]
[Date "2024.03.30"]
[Round "4.23"]
[White "Nasuta, Grzegorz"]
[Black "Lavrencic, Matic"]
[Result "1-0"]
[WhiteElo "2552"]
[BlackElo "2322"]
[Annotator "TA"]
[PlyCount "75"]
[EventDate "2024.03.28"]
[EventType "swiss"]
[EventCountry "GER"]
[SourceTitle "playchess.com"]
[Source "ChessBase"]
[SourceQuality "1"]

1. e4 c5 2. Nf3 e6 3. d4 cxd4 4. Nxd4 Nf6 5. Nc3 Nc6 6. Nxc6 bxc6 7. e5 Nd5 8. Ne4 Qc7 9. f4 Qb6 10. c4 Ne3 11. Qd3 Bb4+ 12. Bd2 Ba6 13. b3 O-O 14. Nc3 Nd5 15. O-O-O Qa5 16. Kb2 Qa3+ 17. Ka1 Nxc3 18. Bxc3 Bxc3+ 19. Qxc3 Bc8 20. Bd3 a5 21. Bc2 a4 22. Qd3 g6 23. bxa4 Qxd3 24. Rxd3 f6 25. exf6 Rxf6 26. g3 d5 27. Re1 Ba6 28. Rde3 Bxc4 29. Rxe6 Kg7 30. Re7+ Rf7 31. Bb3 Bd3 32. Kb2 Bf5 33. Kc3 Rc8 34. Rxf7+ Kxf7 35. Kd4 Be6 36. Kc5 Ke7 37. Bd1 Rd8 38. Bg4 1-0

[Event "GRENKE Chess Open 2024"]
[Site "Karlsruhe"]
[Date "2024.03.30"]
[Round "4.24"]
[White "Kozul, Zdenko"]
[Black "Grutter, Tim"]
[Result "1-0"]
[WhiteElo "2529"]
[BlackElo "2318"]
[Annotator "TA"]
[PlyCount "113"]
[EventDate "2024.03.28"]
[EventType "swiss"]
[EventCountry "GER"]
[SourceTitle "playchess.com"]
[Source "ChessBase"]
[SourceQuality "1"]

1. d4 Nf6 2. Nf3 e6 3. c4 Bb4+ 4. Nbd2 d6 5. a3 Bxd2+ 6. Qxd2 O-O 7. e3 Nbd7 8. b4 b6 9. Bb2 Bb7 10. Be2 Qe7 11. O-O Rfd8 12. Rfd1 e5 13. dxe5 Nxe5 14. Nxe5 dxe5 15. Qc3 Re8 16. f3 c5 17. b5 h5 18. Rd2 h4 19. Rad1 Qe6 20. Rd6 Qf5 21. e4 Qg5 22. Bc1 Qh5 23. Qe1 Kf8 24. a4 h3 25. g4 Qh7 26. Bf1 Bc8 27. Qg3 Be6 28. Bb2 Qg6 29. Bxe5 Nh7 30. Bxh3 f6 31. Bf4 Bxc4 32. Bf1 Bb3 33. Rb1 Be6 34. h4 Rac8 35. Bd3 c4 36. Bc2 Kg8 37. Rbd1 Nf8 38. Be3 Qf7 39. g5 fxg5 40. hxg5 c3 41. R1d4 g6 42. Qf2 Qe7 43. f4 Red8 44. Rxd8 Rxd8 45. Rxd8 Qxd8 46. Bd4 Qc8 47. Qe3 Bh3 48. f5 Qc4 49. Kh2 Bg4 50. Kg3 Qf1 51. Bb3+ Kh7 52. Kxg4 c2 53. Bb2 Qg2+ 54. Kf4 Qh2+ 55. Kf3 Qh1+ 56. Kg3 Qb1 57. Qf2 1-0

[Event "GRENKE Chess Open 2024"]
[Site "Karlsruhe"]
[Date "2024.03.30"]
[Round "4.25"]
[White "Parkhov, Yair"]
[Black "Tifferet, Shakked"]
[Result "1-0"]
[WhiteElo "2518"]
[BlackElo "2310"]
[Annotator "TA"]
[PlyCount "113"]
[EventDate "2024.03.28"]
[EventType "swiss"]
[EventCountry "GER"]
[SourceTitle "playchess.com"]
[Source "ChessBase"]
[SourceQuality "1"]

1. d4 d5 2. c4 e6 3. Nc3 Be7 4. cxd5 exd5 5. Bf4 c6 6. e3 Bf5 7. Nge2 Nd7 8. h4 Ngf6 9. Ng3 Be6 10. Bd3 Nb6 11. Qc2 Bd6 12. Nge2 Nc8 13. f3 Qe7 14. O-O-O Nd7 15. e4 Ncb6 16. Kb1 O-O-O 17. Bxd6 Qxd6 18. e5 Qe7 19. Ng3 g6 20. f4 Kb8 21. h5 c5 22. Be2 Ka8 23. Nb5 cxd4 24. Nd6 Nc8 25. hxg6 fxg6 26. Nb5 Ncb6 27. Qc7 Rc8 28. Qd6 Qxd6 29. Nxd6 Rcf8 30. Nb5 Rc8 31. Nxd4 Nf8 32. Nf1 Bd7 33. Ne3 Ne6 34. Nxe6 Bxe6 35. g4 Rhf8 36. Rhf1 Bg8 37. Nc2 Rce8 38. Rde1 a6 39. Bd3 Nd7 40. Nd4 g5 41. Bf5 Nc5 42. fxg5 Ne4 43. Bxe4 Rxf1 44. Rxf1 dxe4 45. Kc2 Bc4 46. Rf5 e3 47. b3 e2 48. Kd2 Bd3 49. e6 Bxf5 50. gxf5 Rd8 51. e7 Rxd4+ 52. Ke1 Re4 53. f6 Ka7 54. f7 Rxe7 55. f8=Q Re5 56. Qg7 Rf5 57. Kxe2 1-0

[Event "GRENKE Chess Open 2024"]
[Site "Karlsruhe"]
[Date "2024.03.30"]
[Round "4.26"]
[White "Kostov, Deyan Samuil"]
[Black "Schlosser, Philipp"]
[Result "1/2-1/2"]
[WhiteElo "2328"]
[BlackElo "2511"]
[Annotator "RC"]
[PlyCount "75"]
[EventDate "2024.03.28"]
[EventType "swiss"]
[EventCountry "GER"]
[SourceTitle "playchess.com"]
[Source "ChessBase"]
[SourceQuality "1"]

1. d4 f5 2. Nf3 Nf6 3. Bg5 e6 4. Nbd2 Be7 5. Bxf6 Bxf6 6. e4 O-O 7. Bd3 d5 8. e5 Be7 9. Qe2 b6 10. O-O c5 11. c3 Nc6 12. Rfd1 Bd7 13. c4 Nb4 14. cxd5 Nxd5 15. dxc5 bxc5 16. Bb5 Rb8 17. Bxd7 Qxd7 18. Nc4 Rfd8 19. g3 Qc6 20. Nfd2 Rd7 21. Nd6 Rxb2 22. Qf3 Rb8 23. N2c4 g6 24. h4 Nb4 25. Qb3 Na6 26. Qe3 Nc7 27. Rab1 Rdd8 28. h5 gxh5 29. Qe2 Nd5 30. Rxb8 Rxb8 31. Qxh5 Bxd6 32. exd6 Qd7 33. Ne5 Qxd6 34. Qg5+ Kf8 35. Qh6+ Kg8 36. Qg5+ Kf8 37. Qh6+ Kg8 38. Qg5+ 1/2-1/2

[Event "GRENKE Chess Open 2024"]
[Site "Karlsruhe"]
[Date "2024.03.30"]
[Round "4.27"]
[White "Dann, Matthias"]
[Black "Rudzinska, Michalina"]
[Result "1-0"]
[WhiteElo "2476"]
[BlackElo "2302"]
[Annotator "TA"]
[PlyCount "99"]
[EventDate "2024.03.28"]
[EventType "swiss"]
[EventCountry "GER"]
[SourceTitle "playchess.com"]
[Source "ChessBase"]
[SourceQuality "1"]

1. e4 c6 2. Nc3 d5 3. Nf3 dxe4 4. Nxe4 Nf6 5. Nxf6+ exf6 6. Bc4 Bd6 7. Qe2+ Be7 8. O-O O-O 9. d4 Bd6 10. Re1 a5 11. c3 Na6 12. h3 Nc7 13. Qc2 Re8 14. Rxe8+ Qxe8 15. Bd3 g6 16. c4 Be6 17. Nd2 Qd7 18. Ne4 Be7 19. Be3 f5 20. Nc5 Bxc5 21. dxc5 Na6 22. Qc3 Qe7 23. Qxa5 Qh4 24. Qc3 f4 25. Bd4 f3 26. Bf1 fxg2 27. Bxg2 Nc7 28. b3 Bf5 29. Bf6 Qh5 30. Qg3 Ne6 31. Bb2 Rf8 32. Re1 Ng5 33. h4 Ne6 34. b4 f6 35. a4 Qh6 36. Bc1 Qg7 37. a5 Rd8 38. a6 bxa6 39. Bxc6 Rd4 40. Qb8+ Qf8 41. Qxf8+ Kxf8 42. f3 Rxh4 43. Bd5 Nd4 44. c6 Nc2 45. Re6 Bxe6 46. Bxe6 Ke7 47. c7 Rxc4 48. Bxc4 Kd7 49. Bf4 Nd4 50. Bxa6 1-0

[Event "GRENKE Chess Open 2024"]
[Site "Karlsruhe"]
[Date "2024.03.30"]
[Round "4.28"]
[White "Hercegovac, Neven"]
[Black "Feuerstack, Aljoscha"]
[Result "0-1"]
[WhiteElo "2312"]
[BlackElo "2471"]
[Annotator "TA"]
[PlyCount "58"]
[EventDate "2024.03.28"]
[EventType "swiss"]
[EventCountry "GER"]
[SourceTitle "playchess.com"]
[Source "ChessBase"]
[SourceQuality "1"]

1. e4 c5 2. Nf3 e6 3. d4 cxd4 4. Nxd4 Nf6 5. Nc3 Nc6 6. Ndb5 Bc5 7. Nd6+ Ke7 8. Bf4 e5 9. Nf5+ Kf8 10. Bg5 d6 11. Bc4 Be6 12. Bb3 h6 13. Bxf6 Qxf6 14. Ne3 g6 15. Qd2 Kg7 16. O-O-O Rab8 17. Kb1 b5 18. Ncd5 Qd8 19. g3 a5 20. a4 Nd4 21. Qd3 Nxb3 22. Qxb3 Qd7 23. axb5 Rxb5 24. Qc3 Rc8 25. Qd2 Rxb2+ 26. Kxb2 Qb5+ 27. Nb4 Bxb4 28. Qd3 Bc3+ 29. Kc1 Qb2# 0-1

[Event "GRENKE Chess Open 2024"]
[Site "Karlsruhe"]
[Date "2024.03.30"]
[Round "4.29"]
[White "Ghimpu, Samuel-Timotei"]
[Black "Knuedel, Torben"]
[Result "0-1"]
[WhiteElo "2467"]
[BlackElo "2299"]
[Annotator "TA"]
[PlyCount "86"]
[EventDate "2024.03.28"]
[EventType "swiss"]
[EventCountry "GER"]
[SourceTitle "playchess.com"]
[Source "ChessBase"]
[SourceQuality "1"]

1. d4 Nf6 2. Bf4 c5 3. d5 d6 4. Nc3 a6 5. a4 Nbd7 6. Nf3 Qa5 7. Bd2 g6 8. e4 Bg7 9. Ra3 O-O 10. Be2 Qc7 11. O-O b6 12. h3 Re8 13. Bf4 Nh5 14. Bh2 Bh6 15. Kh1 f6 16. Ng1 Ng7 17. f4 Bb7 18. Bc4 b5 19. axb5 Nb6 20. Be2 axb5 21. Rxa8 Rxa8 22. Bxb5 f5 23. e5 Rd8 24. Nf3 e6 25. exd6 Qxd6 26. dxe6 Qxd1 27. Nxd1 Nxe6 28. Ne3 Nxf4 29. Nc4 Nbd5 30. Na5 Ba8 31. Re1 Nb4 32. Bxf4 Bxf4 33. c3 Nc2 34. Re8+ Rxe8 35. Bxe8 Be4 36. Bc6 Bc7 37. Bxe4 fxe4 38. Nd2 e3 39. Nac4 exd2 40. Nxd2 Bf4 41. Nb3 Bd6 42. Kg1 Ne3 43. Nd2 Be5 0-1